00599 2200205 4500001002100000005001500021035002000036007000300056008004100059082001100100084001700111100003700128245005900165260005500224300002900279650001700308650001000325856003400335990002400369INLIS00000000000842020260522091005 a0010-0526000120ta260522 0 ind  a633.88 a633.88 PUS k0 aPusat Informasi Pertanian Trubus1 aKumpulan Kliping TANAMAN OBAT III (Jenis Tanaman Obat) aJakarta :bPusat Informasi Pertanian Trubus,c2000 a210p. :bIlus ;c29.1 cm 4aTanaman Obat 4aJenis aPerpustakaan BBRMP Jawa Timur a569/2026/BBRMPJATIM